00362nam a2200169Ia 4500008004100000041001200041082000800053082001100061100001600072100001100088245001900099250001200118260001000130260002700140260000900167650001600176150909s9999 xx 000 0 und d aEnglish a580 bFUL/GE aFullerH J  eAuthor aGeneral Botany a5th Ed. aU S A bBarnes and Noble Books c1967 aPlant cells